| 000 | 01520nam a2200313 a 4500 | ||
|---|---|---|---|
| 001 | 000000660 | ||
| 003 | DO-SdBNP | ||
| 005 | 20180320095730.0 | ||
| 007 | 000000660 | ||
| 008 | 090331s2003 dr ad 000 0 spa d | ||
| 020 | _a9993461636 | ||
| 020 | _a9789993461630 | ||
| 040 |
_aBPMSU _bspa _cBPMSU |
||
| 082 | 4 |
_a306.87 _bD919v, 2003 |
|
| 100 | 1 |
_aDunker L., José, _d1943- |
|
| 245 | 1 | 4 |
_aLos vínculos familiares : _buna psicopatología de las relaciones familiares / _cJosé Dunker L. |
| 250 | _a2a ed. | ||
| 260 |
_aSanto Domingo : _bBúho, _c2003. |
||
| 300 |
_a147 p. : _bil., _c21 cm. |
||
| 500 | _aIncluye biografía del autor en la solapa | ||
| 505 | 0 |
_tPrólogo -- _tIntroducción -- _tFundamentos para una tipología familiar -- _tTipos familiares -- _tTeoría de los vínculos -- _tDinámica de los vínculos -- _tLa familia saludable -- . _tPeriodización de la vida humana -- _tLos ciclos de la vida -- _tLa ruta crítica personal -- _tLos modos de enfermar: el cuerpo -- _tLos modos de enfermar: la mente -- _tLos modos de enfermar: la conducta -- _tEl retrato familiar -- _tFunciones mentales -- _tEsquema mentales -- _tTécnicas y estrategias -- _tUso de fármacos -- _tTécnicas contra el estrés -- _tApéndice -- _tBibliografía. |
|
| 650 | 4 | _aRELACIONES FAMILIARES | |
| 650 | 4 |
_aFAMILIA _xASPECTOS PSICOLÓGICOS |
|
| 650 | 4 | _aPSICOPATOLOGÍA | |
| 942 |
_2ddc _cBK |
||
| 945 | _aRemanejado para BNPHU / VM | ||
| 956 |
_aTMEREDITH _b10 _c20111018 _lBND01 _h1047 |
||
| 956 |
_aVMATEO _b10 _c20150508 _lBMET02 _h00151 |
||
| 999 |
_c7823 _d7823 |
||